000 00220 a2200097 4500
001 2812
100 _aNagi, A
245 _aMlodern Urdu Poems from Pakistan
260 _a
_bSwad moon publication
_c
090 _c2107
_d2107
942 _aNUST-CAE
_cM
_c12303
999 _c237885
_d237885